000 00636nam a2200241 i 4500
001 C2-0308947
003 PPAK
005 20180728095856.0
008 020101s my |||| ||||| | may d
020 _a9789675067433
040 _aPPAK
_beng
_cPPAK
_erda
082 0 4 _a899.233
_223
090 0 0 _a899.233
_bARI
_dG
100 0 _aArisa Ezira,
_eauthor
245 1 0 _aBini aku tomboy ke?
264 1 _aKuala Lumpur :
_bKaki Novel Enterprise ,
300 _aiii, 530 pages ;
_c19 cm
336 _2rdacontent
_atext
337 _2rdamedia
_aunmediated
338 _2rdacarrier
_avolume
650 1 0 _aMalay fiction.
942 _ddc
_cB
999 _c111511
_d111511